000 00657nam a2200241Ia 4500
003 OSt
005 20220918163938.0
006 a|||||r|||| 00| 0
007 ta
008 220917b |||||||| |||| 00| 0 eng d
020 _a0333803019 (hbk)
024 _a176,612
037 _cTextual
040 _aARTS
_cARTS
_beng
041 _2eng
_aeng
082 _aX:75.4, P1 (SC)
245 0 _aAsia-Pacific transitions edited by David E. Andersson and Jessie P.H. Poon
260 _aHoundmills
_bPalgrave
_c2001
300 _axi, 282p.
_ccm.
650 _aECONOMICS
942 _hX:75.4, P1 (SC)
_cTEXL
_2CC
999 _c122240
_d122240